Statistics for Catch

Click here to take the quiz!

General Stats

  • This quiz has been taken 13 times
  • The average score is 5 of 10

Answer Stats

HintAnswer% Correct
A situation where one thing must happen in order to cause another thing to happen, but because the first thing does not happen the second thing cannot happenCatch 22
85%
To struggle for normal breathing after strenuous activityCatch one’s breath
77%
To get some sunshineCatch some rays
77%
Proverb. If you wake up and get to work early, you will succeed. The early bird catches the worm
69%
To discover someone doing something illegal or wrongCatch red-handed
62%
To surprise someone by doing or saying something they were not expectingCatch off guard
46%
To get some sleepCatch some Zs
46%
To take a napCatch forty winks
23%
Proverb: How to nab a robberSet a thief to catch a thief
23%
Proverb. It is easier to get what you want by flattering people and being polite to them than by making demands.You can catch more flies with honey than with vinegar
23%

Score Distribution

Percentile by Number Answered

Percent of People with Each Score

Your Score History

You have not taken this quiz